00934nam a2200265 i 4500001000300000100002900003245011700032260005200149300002800201504001400229650004500243650003700288655003000325700002700355020001500382040000800397041000800405080002500413920001800438942000700456008004100463999001700504856009800521952004900619bg1 aŁĄCZYŃSKI, Bogumił10aBezpieczna praca załóg pokładowych na statkach handlowych /cBogumił Łączyński, Henryk Łączyński. aGdynia :bWydawnictwo Akademii Morskiej,c2003. a237 s. :bil. ;c24 cm. aBibliogr. 9aStatkixbezpieczeństwo i higiena pracy 9aBezpieczeństwo i higiena pracy aPodręczniki akademickie1 aŁĄCZYŃSKI, Henryk a8387875341 cBPK0 apol a629.5:331.45](075.8) a83-87875-34-1 cKS s pl f |000 0 pol  c43487d43487 uhttp://koha.tu.koszalin.pl/cgi-bin/koha/opac-detail.pl?biblionumber=43487yKatalog online BPK 00104070aBPKbBPKcwo69134p02047423yKS